000 01171nam a22002777a 4500
999 _c22444
_d22444
003 OSt
005 20220908103315.0
008 180228s2017 pe 000 0 spa
020 _a9786123173920
040 _cBiblioteca Municipal de Cusco
082 _a985.03/T99
_bT99
100 _aTyuleneva, Vera
_d1973-
_948204
245 _aEl Paititi :
_bhistoria de la búsqueda de un reino perdido /
_cVera Tyuleneva
250 _aPrimer edición
260 _aLima :
_aCusco :
_bPontificia Universidad Católica del Perú, Fondo Editorial ;
_bCentro de Estudios Regionales Andinos Bartolomé de Las Casas,
_c2018.
300 _a475 p. :
_bil. (algunas col.), mapas, planos ;
_c24 cm.
490 _aEstudios andinos ;
_v23
504 _aBibliografía: p. [433]-475.
650 _aIncas
_xHistoria
_948205
650 _aInkas
_xAntigüedades
_948206
650 _aMitos geográficos
_zAmérica del Sur
_948207
651 _aAmérica del Sur
_xDescubrimiento y exploraciones
_xHistoria
_vFuentes
_948208
710 _aPontificia Universidad Católica del Perú
_9400
710 _aCentro de Estudios Regionales Andinos Bartolomé de Las Casas (Cusco)
_948209
942 _2ddc
_cLIBROS